| 000 | 00618nam a22001937a 4500 | ||
|---|---|---|---|
| 003 | OSt | ||
| 005 | 20260210203157.0 | ||
| 008 | 260210b |||||||| |||| 00| 0 eng d | ||
| 020 | _a9789970411399 | ||
| 040 |
_aKABLIB _beng _cKABLIB |
||
| 082 |
_223 _a372.21 _bMAD |
||
| 100 |
_aMadudu Mary _eauthor _915551 |
||
| 245 |
_aPrimary teacher Education (PTE) : _bEarly Childhood development year Two _cMary Madudu and Tabitha Akosio |
||
| 260 |
_aKampala : _bElimu Publishers ltd, _c2019. |
||
| 300 |
_aiv,89 p.; _bill, (col), _c22cm. |
||
| 650 |
_aEarly childhood _915552 |
||
| 700 |
_aAkosio Tabitha. _915553 |
||
| 942 |
_2ddc _cBOOK |
||
| 999 |
_c6119 _d6119 |
||